01018nam a22002657a 4500003000400000005001700004007000300021008003900024020001800063040002500081082002200106100002300128245010700151260004800258300002800306500006300334501006600397505006800463650003500531650003500566700005900601700004700660700002200707700002300729OSt20240409073826.0ta100322s2012 dr a 000 0 spa d a9789945883718 aDO-SdBNPbspacBNPHU 4aRD863.5bO96s2221 aOvalle, Elisabeth 10aSoy María Montez y dos cuentos más /cElizabeth Ovalle ; ilustraciones Jean Emilio, Jormi Madera. aSanto Domingo :bEl puente del arte,c2012. a26 p. :bil. ; c20 cm. aIncluye datos biográficos del autor en la contraportada. aPublicado con: La ranita bombonita y Guinguín el glotón aLa ranita bombonita y larguilagarto --tGuinguín el glotón. 0aCuentos infantiles dominicanos 4aLiteratura infantil dominicana1 aOvalle, ElizabethtLa ranita bombonita y larguilagarto1 aOvalle, Elizabeth,tGuinguín el glotón1 aEmilio, Jeaneil.1 aMadera, Jormieil.